BSOP header

Judaism : (Record no. 47661)

MARC details
000 -LEADER
fixed length control field 00897cam a2200313 a 4500
001 - CONTROL NUMBER
control field 18190764
003 - CONTROL NUMBER IDENTIFIER
control field SIRSI
005 - DATE AND TIME OF LATEST TRANSACTION
control field 20190807082538.0
008 - FIXED-LENGTH DATA ELEMENTS--GENERAL INFORMATION
fixed length control field 880615s1988 miu b 001 0 eng
010 ## - LIBRARY OF CONGRESS CONTROL NUMBER
LC control number 88021736
020 ## - INTERNATIONAL STANDARD BOOK NUMBER
International Standard Book Number 0802803458
035 ## - SYSTEM CONTROL NUMBER
System control number (Sirsi) o18190764
035 ## - SYSTEM CONTROL NUMBER
System control number (Sirsi) 01-AAV-6918
036 ## - ORIGINAL STUDY NUMBER FOR COMPUTER DATA FILES
Original study number u216472
040 ## - CATALOGING SOURCE
Original cataloging agency DLC
Transcribing agency DLC
Modifying agency TSW
049 ## - LOCAL HOLDINGS (OCLC)
Holding library TSWB
Copy statement 1
100 1# - MAIN ENTRY--PERSONAL NAME
Personal name Sigal, Phillip.
245 10 - TITLE STATEMENT
Title Judaism :
Remainder of title the evolution of a faith /
Statement of responsibility, etc by Phillip Sigal ; revised and edited by Lillian Sigal.
260 ## - PUBLICATION, DISTRIBUTION, ETC. (IMPRINT)
Place of publication, distribution, etc Grand Rapids, Mich. :
Name of publisher, distributor, etc W.B. Eerdmans,
Date of publication, distribution, etc c1988.
300 ## - PHYSICAL DESCRIPTION
Extent xxii, 326 p. ;
Dimensions 22 cm.
336 ## - CONTENT TYPE
Content Type Term text
337 ## - MEDIA TYPE
Media Type Term unmediated
338 ## - CARRIER TYPE
Carrier Type Term volume
504 ## - BIBLIOGRAPHY, ETC. NOTE
Bibliography, etc Includes bibliographical references (p. 307-316) and index.
650 #0 - SUBJECT ADDED ENTRY--TOPICAL TERM
Topical term or geographic name as entry element Judaism
General subdivision History.
700 1# - ADDED ENTRY--PERSONAL NAME
Personal name Sigal, Lillian.
730 0# - ADDED ENTRY--UNIFORM TITLE
Uniform title Judentum.
Language of a work English.
942 ## - ADDED ENTRY ELEMENTS (KOHA)
Source of classification or shelving scheme Library of Congress Classification
Item type Books
Holdings
Withdrawn status Lost status Source of classification or shelving scheme Damaged status Not for loan Home library Current library Shelving location Date acquired Inventory number Total Checkouts Full call number Barcode Date last seen Price effective from Koha item type
    Library of Congress Classification     BSOP Library BSOP Library GC 08/07/2019 12067   BM155.2 Si2 00020820 08/07/2019 08/07/2019 Books
BSOP

Biblical Seminary of the Philippines
  All rights Reserved
  © 2024

CONTACT INFORMATION

Biblical Seminary of the Philippines,
  77-B Karuhatan Road, Valenzuela City,
  PHILIPPINES 1441
  Phone: +632 8292-6795 / 8292-6798
  Fax : +632 8292-6675
  Email: library@bsop.edu.ph